000 00329nam a2200133Ia 4500
005 20260415143731.0
008 191201s2015 xx 000 0 und d
100 _aRAMAMRUTHAM, S
245 0 _aTheory of Structures
260 _c2015
_bDhanpat Rai Pubns (P) Ltd
_aNew Delhi
300 _a1272
650 _aCIVIL
942 _2ddc
_cBB
999 _c7678
_d7678